000 00264nam a22000977a 4500
008 240219b |||||||| |||| 00| 0 eng d
082 _aC ARRP Ej.1
100 1 0 _aArroyo Pizarro, Yolanda
_eautor
_943448
245 _aPelo bueno /
_cYolanda Arroyo Pizarro
942 _2ddc
999 _c30624
_d17008